Plantilla Liverpool FC Champions League 2024/2025 - Estadísticas

Estadísticas generales
  • Esta prueba ha sido intentada 99 veces
  • La puntuación promedio es 17 de 24
Estadísticas de respuestas
Imagen Respuesta % Correcto
Virgil van Dijk
96%
Alisson Becker
95%
Mohamed Salah
95%
Trent Alexander-Arnold
95%
Luis Díaz
93%
Alexis Mac Allister
92%
Darwin Núñez
91%
Andy Robertson
90%
Federico Chiesa
90%
Diogo Jota
89%
Ibrahima Konaté
88%
Cody Gakpo
87%
Joe Gomez
86%
Ryan Gravenberch
79%
Curtis Jones
78%
Dominik Szoboszlai
76%
Wataru Endo
76%
Kostas Tsimikas
72%
Caoimhin Kelleher
63%
Rio Ngumoha
25%
Vitězslav Jaroš
23%
Tyler Morton
20%
Trey Nyoni
16%
Amara Nallo
9%
No se encontraron pruebas coincidentes
Distribución de puntuación
Porcentaje de gente con cada puntuación
Porcentaje por número respondido
Historial de tus puntuaciones
No has intentado esta prueba.